| 000 | 01574nam0a2200349 4500 | ||
|---|---|---|---|
| 001 | RU\NLR\bibl\1768162 | ||
| 005 | 20250616130546.0 | ||
| 010 |
_a978-5-9795-0692-0 _950 |
||
| 021 |
_aRU _b2011-29454 _92089 |
||
| 035 | _a(nilc)RSL-KNO-004932891 | ||
| 035 | _a(NLR Aleph) 001758951 | ||
| 090 |
_a1566146 _c1566146 |
||
| 100 | _a20110425d2010 |||y0rusy50 ca | ||
| 101 | 0 | _arus | |
| 102 | _aRU | ||
| 105 | _aa ||||||||| | ||
| 200 | 1 |
_aУправление корпоративной культурой промышленного предприятия _eмонография _fН.М. Цыцарова _gМ-во образования и науки Рос. Федерации, Гос. образоват. учреждение высш. проф. образования Ульян. гос. техн. ун-т |
|
| 210 |
_aУльяновск _cУлГТУ _d2010 |
||
| 215 |
_a231 с. _cил. _d20 |
||
| 320 | _aБиблиогр.: с. 185-206 (252 назв.) и в подстроч. прим. | ||
| 606 | 1 |
_aПромышленные предприятия _xКультура труда _yРоссийская Федерация _92116214 _3RU\NLR\auth\661278419 |
|
| 610 | 0 | _aкорпоративная культура | |
| 686 |
_aУ9(2)301-21,0 _2rubbk |
||
| 686 | _aУ30(2)-642.11(2Р) | ||
| 700 | 1 |
_aЦыцарова _bН. М. _gНаталья Михайловна _4070 |
|
| 801 | 0 |
_aRU _bRuMoRKP _c20110425 _grcr |
|
| 801 | 1 |
_aRU _bРГБ _c20110425 |
|
| 801 | 2 |
_aRU _bNLR _c20110512 _grcr |
|
| 830 | _aавт. по кн. | ||
| 942 | _cBOOK | ||
| 980 | _aNB | ||